Ahmet Cevdet Paşa'nın dil bilgisi (Kava'id) kitapları : (Record no. 15705)

MARC details
000 -BAŞLIK
Sabit Uzunlukta Kontrol Alanı 01096nam a22002537a 4500
999 ## - SİSTEM KONTROL NUMARALARI (KOHA)
Koha Biblionumber 15705
Koha Biblioitemnumber 15705
003 - KONTROL NUMARASI IDENTIFIER
Denetim Alanı MIRAKIL
005 - SON İŞLEM TARİHİ VE ZAMANI
Denetim Alanı 20240321120419.0
008 - SABİT-BOY VERİ ELEMANLARI - GENEL BİLGİLER
Sabit Uzunlukta Kontrol Alanı 240321b tu ||||| |||| 00| 0 tur d
020 ## - ULUSLARARASI STANDART KİTAP NUMARASI
Uluslararası Standart Kitap Numarası 9789751745514
040 ## - KATALOGLAMA KAYNAK
Orijinal Kataloglama Ajansı TR-AnCHP
Metne Dönüştürmek Ajansı TR-AnCHP
041 ## - DİL KODU
Metin / Ses Parça Veya Ayrı Başlığın Dil Kodu tur
082 ## - DEWEY ONLU SINIFLANDIRMA NUMARASI
Sınıflandırma Numarası 415
Ürün Numarası A35 2020
245 10 - BAŞLIK TABLOSU
Başlık Ahmet Cevdet Paşa'nın dil bilgisi (Kava'id) kitapları :
Başlığın Kalan inceleme - metinler - terimler dizini - tıpkıbasımlar /
Sorumluluk Tablosu, Vb hazırlayan : Nevzat Özkan ; metin denetimi : Beytullah Aksoy
250 ## - EDITION TABLOSU
Baskı Beyanı Birinci baskı: Ankara, 2020 Ağustos
260 ## - YAYIN, DAĞITIM, VB
Yayın, Dağıtım, Vb Yeri Ankara :
Yayıncı, Dağıtıcı, Vs Adı Türk Dil Kurumu,
Yayın, Dağıtım, Vb Tarihi 2020.
300 ## - FİZİKSEL TANIM
Kapsam 280, 45, 55, 141 sayfa :
Diğer Fiziksel Ayrıntıları resim ;
Boyutlar 24 cm.
490 0# - SERİSİ TABLOSU
Seri Beyanı Atatürk Kültür, Dil ve Tarih Yüksek Kurumu Türk Tarih Kurumu yayınları ;
Hacim / Ardışık Tanımı 1342.
490 0# - SERİSİ TABLOSU
Seri Beyanı Türkiye Türkçesi ve tarihî devirler yazı dilleri gramerleri projesi ;
Hacim / Ardışık Tanımı 5 ve 7
500 ## - GENEL NOT
Genel Not Osmanlı Türkçesi metin içerir.<br/>
504 ## - KAYNAKÇA VB NOT
Kaynakça Vb Notu Kaynakça: sayfa [275]-280.<br/>
650 #0 - KONU KATMA GİRİŞ - TOPİKAL DÖNEM
9 (RLIN) 7751
Topikal Süreli Veya Coğrafi Ad Giriş Elemanı Eski Türk dili
856 ## - ELEKTRONİK YER VE ERİŞİM
Kamu Notu Dijital Nüshası için Partimizin Kütüphane Sorumlusu ile iletişime geçiniz.
942 ## - EKLENDİ GİRİŞ ELEMANLARI (KOHA)
Sınıflandırma Veya Raf Düzeni Kaynak Dewey Decimal Classification
Koha Öğesi Türü Books
Holdings
Kalıcı Konum Mevcut Konum Edinme Tarihi Toplam Check-Out'Lar Tam Çağrı Numarası Barkod Tarih Son Görülme İtibaren Geçerli Fiyatlar Koha Öğesi Türü
CHP Kütüphanesi CHP Kütüphanesi 03/21/2024   415 A35 2020 21637 03/21/2024 03/21/2024 Books